Ski Resorts of Colorado - Statistics

General Stats
  • This quiz has been taken 14 times
  • The average score is 7 of 29
Answer Stats
Hint Answer % Correct
The largest ski resort in Colorado is this one, and 3rd largest in North America. Vail Ski Resort
67%
This one is the largest of Aspen's four resorts. Aspen Snowmass
58%
Famous viral clip of snowboarders zooming down a family slope was filmed here. Keystone Resort
58%
This is the northernmost ski resort in Colorado. Steamboat Ski Resort
58%
I-70 goes directly under this mountain via a tunnel. Loveland Ski Area
50%
This resort has the longest season in Colorado. Arapahoe Basin Ski Area
33%
Has the steepest cut trail in North America at 55 degrees. Crested Butte Mountain Resort
33%
This ski resort was founded over a famous mining town in Southwest Colorado. Telluride Ski Resort
33%
Only place on the continent where you can ski the men's and women's downhill ski runs. Beaver Creek Resort
25%
Has the highest chairlift in North America. Breckenridge Ski Area
25%
The Winter X Games has been held here since 2002. Buttermilk Mountain
25%
The only place in Colorado that has a Woodward training camp. Copper Mountain Resort
25%
The easternmost ski resort in Colorado is this one. Eldora Mountain Resort
25%
This ski resort is famous for its heli-skiing. Silverton Mountain
25%
Has the highest annual snowfall in Colorado. Wolf Creek Ski Area
25%
The closest ski resort to Denver is this one. Echo Mountain
17%
This resort is just south of the ski resort with a Woodward training camp, and has a similar name to that one. Ski Cooper
17%
This is the nearest ski resort to Glenwood Springs. Sunlight Mountain
17%
Known for the Highland Bowl, one of the steepest in Colorado. Aspen Highlands
8%
Has a gondola that reaches into the downtown below. Aspen Mountain
8%
This resort is also called Purgatory. Durango Mountain Resort
8%
The southernmost of three resorts situated on top of the continental divide. Monarch Mountain
8%
This is the longest continually operating ski resort in Colorado. Winter Park Ski Area
8%
This one is the southernmost resort in Colorado. Hesperus
0%
This resort has had 69 Olympic athletes hail from here. Howelsen Hill
0%
Got caught operating without a permit in the 1980's. Kendall Mountain
0%
The smallest ski resort in Colorado is this one. Lake City Ski Hill
0%
The westernmost ski resort in Colorado is this one. Powderhorn Resort
0%
Located at Granby Ranch, this is a small ski resort. Solvista Basin
0%
No matching quizzes found
Score Distribution
Percent of People with Each Score
Percentile by Number Answered
Your Score History
You have not taken this quiz